Lecciones de Derecho Comunitario

Bibliographic Details
Main Author: Sǹchez Marn̕, ℓngel-Luis
Format: eBook
Language:Spanish
Published: Alicante : Universidad Miguel Hernǹdez de Elche : Club Universitario, 2013
Subjects:
Online Access:http://vlex.com/source/lecciones-derecho-comunitario-7051

MARC

LEADER 00000nam a22000007a 4500
005 20130222124221.0
007 cr|||| ||||
008 130222e2013 sp |||||s|||| 00||0 spa d
020 |a 978-84-15591-57-3 
035 |a 7051 
040 |a vLex 
090 |c 3727  |d 3727 
100 1 0 |a Sǹchez Marn̕, ℓngel-Luis  
245 1 0 |a Lecciones de Derecho Comunitario  |h [Recurso electrn̤ico] 
256 |a Servicio en ln̕ea 
260 |a Alicante :  |b Universidad Miguel Hernǹdez de Elche : Club Universitario,   |c 2013 
300 |a 1 Recurso electrn̤ico 
650 0 4 |a Derecho comunitario 
740 |a vLex Libros (Servicio en ln̕ea) 
856 4 0 |a Acceso restringido  |u http://vlex.com/source/lecciones-derecho-comunitario-7051 
942 |c BOOK 
999 0 |a European Union